zpět

Detail výsledku týmu

Bar U Souseda, Plzeň

Datum a čas kvízu

34 Celkem bodů Celkový počet nahraných bodů na tomto kvízu bez doplňovacích otázek.
6. Pořadí na kvízu Konečné umístění týmu na tomto kvízu.

Zaznamenané odpovědi

# Otázka Odpověď Body Výsledky
1. I letos se do plzeňských ulic... 27. listopadu 1
2. V úterý překročil podle Organi... 8 miliard 1
3. Letošní vyhlašování hudebních... Taylor Swift 1
4. V úterý a ve středu se konal s... Bali 1
5. Cristiano Ronaldo a Lionel Mes... Louis Vuitton 0
6. Jméno Dukla je v českém prostř... Ludvík Svoboda 1
7. Před érou Romana Šebrleho a To... Robert Změlík 0
8. Fotbalisté Dukly Praha Ivo Vik... v Bělehradu 1
9. Dvoudílný televizní film David... Havířov 1
10. Svatý Jan z Dukly byl františk... Polsko 0